| 000 | 00418 a2200121 4500 | ||
|---|---|---|---|
| 020 | _a0070428646 | ||
| 082 | _a519.5 MOO | ||
| 100 | _aMood, Alexander McFarlane, | ||
| 245 |
_aIntroduction to the theory of statistics _cAlexander M. Mood, Franklin A. Graybill [and] Duane C. Boes. |
||
| 250 | _a3d ed. | ||
| 260 |
_aIslamabad, _bNational Book Foundation, _c[1973, c1974] |
||
| 300 |
_axvi, 564 p. _billus. _c24 cm. |
||
| 650 | _aMathematical statistics. | ||
| 999 |
_c549 _d549 |
||